000 00342nam a2200157Ia 4500
003 OSt
005 20240106160925.0
008 170524s9999 xx 000 0 und d
020 _a9788177588521
040 _cIIMT UNIVERSITY
100 _aHaykin Simon
245 0 _aNeural Network
260 _bPearson
260 _c2008
942 _2ddc
_c02
999 _c4684
_d4684